• 首页
  • 本馆介绍
  • 公告通知
  • 最新文献
  • 馆藏检索
  • 电子资源
  • 读者导购
  • 参考咨询
  • 我的图书馆
  • 登录
  • 详细信息显示
  • 放入我的书架
  • 预约/预借图书
  • 作者相关作品
  • 分类相关作品
  • 丛书相关作品
  • 出版社相关作品

书目信息

  • 表格格式
  • 工作单格式
  • 卡片格式
题名:
吴式太极拳剑
    
 
作者: 吴秉孝 著
分册:  
出版信息: 太原   山西科技出版社  2017
页数: 217页
开本: 21cm
丛书名:
单 册:
中图分类: G852.111.9 , G852.241.9 , G852.111
科图分类:
主题词:
电子资源:
ISBN: 978-7-5377-5392-0
000 01253nam0 2200277 450
001 6092
005 20180530125939.17
010    @a978-7-5377-5392-0@dCNY30.00
100    @a20170215d2017 em y0chiy50 ea
101 0  @achi
102    @aCN@b140000
105    @aa z 000yy
200 1  @a吴式太极拳剑@9wu shi tai ji quan jian@f吴秉孝著
210    @a太原@c山西科技出版社@d2017
215    @a217页@d21cm@e1光盘
307    @a附光盘:ISBN 978-7-7900-1589-6
314    @a吴秉孝 (1932-),男,内蒙古呼和浩特市人,出生于武术世家,自幼随父吴桐习武。1956年毕业于北京体育学院(现北京体育大学)。后任职于内蒙古医学院,此后便全身倾力于武术传承工作。1984年被评为全国“武术挖掘工作先进个人”,1995年被评为首届“中国武林百杰”。1997年受托撰写《内蒙古武术志》,后又与人合著出版《阴把枪》。
330    @a本书分上下两篇分别介绍的吴式太极拳和吴式太极剑,均为作者父亲吴桐先生所改编的新套路,该套路结构精简、内容全面。主要内容包括:动作图解、拳械功法、技击用法等内容。
610 0  @a吴式太极拳@x套路(武术)@j图解
610 0  @a剑术(武术),太极剑@x套路(武术)@y中国@j图解
690    @aG852.111.9@v5
690    @aG852.241.9@v5
690    @aG852.111@v4
701  0 @a吴秉孝@9wu bing xiao@f(1932-)@4著
801  0 @aCN@b91MARC@c20170215
905    @aMuseLib@dG852.111@e401
    
    吴式太极拳剑/吴秉孝著.-太原:山西科技出版社,2017
    217页;21cm+1光盘
    
    
    ISBN 978-7-5377-5392-0:CNY30.00
    本书分上下两篇分别介绍的吴式太极拳和吴式太极剑,均为作者父亲吴桐先生所改编的新套路,该套路结构精简、内容全面。主要内容包括:动作图解、拳械功法、技击用法等内容。
●
相关链接 在E读中查询图书 在五车中查询图书 在当当中查询图书 在豆瓣中查询图书


正题名:吴式太极拳剑     索取号:G852.111/401         预约/预借

序号 登录号 条形码 馆藏地/架位号 状态 备注
1 1115942   211159422   第一样本阅览室/ [索取号:G852.111/401] 在馆    
2 1115943   211159431   教育系资料室/ [索取号:G852.111/401] 在馆    
3 1115944   211159440   教育系资料室/ [索取号:G852.111/401] 在馆    
4 1115945   211159459   教育系资料室/ [索取号:G852.111/401] 在馆    
5 1115946   211159468   第四借阅区/ [索取号:G852.111/401] 在馆    
6 1115947   211159477   第四借阅区/ [索取号:G852.111/401] 在馆    
唐山师范学院图书馆 欢迎您!
大连网信软件有限公司© 版权所有